Estudio técnico-económico de la producción de biogás a partir de biomasa de cerdos en la “Quinta Campo Amor” ubicada en la ciudad de La Paz Centro, Departamento de León
Se realiza un estudio técnico-económico respecto al aprovechamiento de las heces de los cerdos y como este tipo de materia prima puede logra cambiar la cultura destructiva en contra del medio ambiente, así mismo nos permite diseñar un sistema alterno de generación de energía eléctrica y calor...
| Main Authors: | , |
|---|---|
| Other Authors: | |
| Format: | Tesis Section = Libro |
| Language: | Undetermined Spanish |
| Published: |
Managua
UNI
[s.f.]
|
| Subjects: |
| LEADER | 01511nam a2200277Ia 4500 | ||
|---|---|---|---|
| 008 | 240830s9999 xx 000 0 und d | ||
| 040 | |a BIBLIOTECA-RUSB/ Mon 662.87 S243 | ||
| 041 | |a spa | ||
| 082 | |a Mon 662.87 S243 | ||
| 100 | 1 | |a Saravia Méndez, Tomás Orlando | |
| 100 | 1 | |b García Saravia, Álvaro Antonio | |
| 245 | 1 | 0 | |a Estudio técnico-económico de la producción de biogás a partir de biomasa de cerdos en la “Quinta Campo Amor” ubicada en la ciudad de La Paz Centro, Departamento de León |
| 260 | |a Managua |b UNI |c [s.f.] | ||
| 300 | |a 145 p. :il. | ||
| 500 | |a Contiene: anexos e Incluye: CD. | ||
| 502 | |a Tesis (Ingeniero Eléctrico) - UNI, [s.f] . | ||
| 520 | 3 | |a Se realiza un estudio técnico-económico respecto al aprovechamiento de las heces de los cerdos y como este tipo de materia prima puede logra cambiar la cultura destructiva en contra del medio ambiente, así mismo nos permite diseñar un sistema alterno de generación de energía eléctrica y calorífica aprovechando los recursos existentes al máximo. Al mismo tiempo se pretende determinar la localización óptima del sistema (Biodigestor) dentro del área del proyecto en estudio. | |
| 650 | 7 | |a BIOMASA-ENERGIA RENOVABLE | |
| 650 | 7 | |b PRODUCCION DE BIOGAS | |
| 650 | 7 | |c BIODIGESTOR-DISEÑO | |
| 650 | 7 | |d GENERACION DE ENERGIA ELECTRICA-BIOMASA | |
| 650 | 7 | |e ENERGIA BIOMASICA | |
| 700 | 1 | |a Tutor: |b Arcia Lacayo, Ramiro Antonio | |
| 942 | |c BK |2 ddc | ||
| 991 | |a TESIS | ||
| 999 | |c 20674 | ||